| 000 | 00430nam a22001697a 4500 | ||
|---|---|---|---|
| 003 | MPLRDC | ||
| 005 | 20220104144027.0 | ||
| 008 | 210129b ||||| |||| 00| 0 eng d | ||
| 082 | _a547.4 TXB | ||
| 100 | _a唐学斌 | ||
| 245 |
_a社区组织与社区发展 _c |
||
| 250 | _a五版 | ||
| 260 |
_a台湾 _b台北市社区发展学会 _c1980 |
||
| 300 | _b875 | ||
| 650 | _a社区工作; 社区发展 | ||
| 942 |
_cBK _o547.4 TXB |
||
| 999 |
_c45675 _d45665 |
||